Statistics for Percy Jackson Main Characters

Click here to take the quiz!

General Stats

  • This quiz has been taken 158 times
  • The average score is 26 of 50

Answer Stats

Mentions Character % Correct
1,479Percy Jackson
100%
2,014Annabeth Chase
96%
1,367Grover Underwood
96%
512Poseidon
91%
292Zeus
90%
821Luke Castellan
86%
712Chiron
85%
314Hades
83%
592Nico di Angelo
82%
637Thalia Grace
79%
371Sally Jackson
78%
255Bianca di Angelo
77%
383Clarisse La Rue
74%
168Athena
73%
406Zoe Nightshade
71%
280Artemis
71%
736Tyson
71%
126Silena Beauregard
70%
307Ares
70%
116Charles Beckendorf
69%
193Apollo
68%
265Dionysus
67%
97Gabe Ugliano
67%
557Kronos
66%
83Aphrodite
63%
94Paul Blofis
63%
374Rachel Elizabeth Dare
58%
270Hermes
57%
74Hestia
47%
132Hephaestus
42%
128Ethan Nakamura
41%
118Blackjack
38%
151Atlas
36%
100Medusa
35%
353Daedalus (Quintus)
34%
183Mrs. O'Leary
34%
96Alecto (Mrs. Dodds)
24%
135Pan
20%
84Minotaur
20%
79Kelli
19%
90May Castellan
18%
174Polyphemus
15%
96Tantalus
12%
79Briares
12%
145King Minos
11%
83Geryon
11%
116Oracle of Delphi
9%
108Dr. Thorn
8%
91Frederick Chase
8%
146Ophiotaurus
6%

Score Distribution

Percentile by Number Answered

Percent of People with Each Score

Your Score History

You have not taken this quiz